| 000 | 00458nam a2200157Ia 4500 | ||
|---|---|---|---|
| 008 | 210716s2011 xx 000 0 und d | ||
| 020 | _a9788184898491 | ||
| 041 | _aeng | ||
| 082 | _a004.69 GOSS | ||
| 100 | _aGoswami, Subrata. | ||
| 245 |
_aInternet protocols: advances technologies and applications. _bAdvances technologies and applications. |
||
| 250 | _a1 | ||
| 260 |
_aNew Delhi _bSpringer _c2011 |
||
| 300 | _ax,316 | ||
| 650 | _aInternet / Mutimedia | ||
| 999 |
_c193323 _d193323 |
||